Statistics for UK Royalty Quiz

Click here to take the quiz!

General Stats

  • This quiz has been taken 322 times
  • The average score is 11 of 15

Answer Stats

QuestionAnswer% Correct
Who is her husband?Prince Philip of Edinburgh
99%
How old is the current queen, Elizabeth II?94
97%
How did Anne Boleyn die?Executed
91%
In which branch of the military did the queen´s husband serve?Royal Navy
88%
Who was Catherin Parr?the last of the six wives of Henry VIII of England
88%
How many Wives did Henry VIII have?6
84%
How old is the husband of Queen Elizabeth II?99
82%
Who was Duke William of Normandy?The first Norman King of England
81%
Who was Henry´s 1st Wife?Catherine of Aragon
80%
Who was Elizabeth the I?The Queen of England and Ireland
70%
How many kids did Prince Edward and his wife have?2
59%
How old was Henry VIII when he died?55
57%
How old is Charles of Wales?72
57%
Who was the father of Arthur Tudor?Henry VII of England
49%
Where did Henry VIII die?In Whitehall Palace
49%

Score Distribution

Percentile by Number Answered

Percent of People with Each Score

Your Score History

You have not taken this quiz